Jepun dan Asia Timur

Bibliographic Details
Other Authors: Normala Soulie Mohamad, Zahir Ismail
Format: Book
Published: Malaysia : Institut Kajian Strategik dan Antarabangsa , 1993
Subjects:

MARC

LEADER 00000cam a2200000 7i4500
001 0000008164
002 000008904
005 20000330.0
020 |a 9679471799 
090 0 0 |a 337   |b JEP 
245 0 0 |a Jepun dan Asia Timur   |c diterjemahkan oleh Normala Soulie Mohamad dan Zahir Ismail 
260 |a Malaysia :   |b Institut Kajian Strategik dan Antarabangsa ,   |c 1993 
300 |a 86p. ;   |c 21cm. 
651 0 |a East Asia   |x Foreign relations   |z Japan 
651 0 |a Japan   |x Foreign relations   |z East Asia 
700 0 |a Normala Soulie Mohamad 
700 0 |a Zahir Ismail 
999 |a 040231   |b BUKU   |c PINJAMAN   |e PERPUSTAKAAN KOMUNITI PETALING JAYA